[Event "EST ch U14 2019"]
[Site "Tallinn"]
[Date "2019.04.21"]
[Round "7.5"]
[White "Rikas, Artur"]
[Black "Pedmanson, Albert"]
[Result "1-0"]
[WhiteElo "1665"]
[BlackElo "1956"]
[Annotator "Dell"]
[PlyCount "111"]
[EventDate "2019.04.18"]
[EventType "swiss"]
[EventRounds "4"]
[EventCountry "EST"]

1. e4 c5 2. c4 Nc6 3. Nc3 Nf6 4. g3 d6 5. Bg2 g6 6. Nge2 Bg7 7. O-O O-O 8. d3
a6 9. Rb1 Rb8 10. a3 b5 11. cxb5 axb5 12. b4 cxb4 13. axb4 Ng4 14. h3 Nge5 15.
Be3 Bd7 $4 16. f4 Ng4 17. hxg4 Bxg4 18. Qd2 Qd7 19. Kh2 f5 20. d4 fxe4 21. Bxe4
e6 22. d5 Nd8 23. dxe6 Nxe6 24. Nd4 Kh8 25. Bc6 Qc8 26. Bxb5 Rf5 27. Rbc1 (27.
Nxf5 Bxc3 28. Qd5 Bxf5 29. Rbc1) 27... Rh5+ 28. Kg1 Nxd4 29. Bxd4 Qb7 30. Bxg7+
Kxg7 31. Qd4+ Kh6 32. Ne4 Qxb5 (32... Rxb5 33. Nxd6 $4 (33. Nf2 $16) 33... Rd5
34. Qf6 Qb6+ 35. Rf2 Rxd6 36. Qh4+ Kg7 $1 37. Qxg4 Rd2 $11) 33. Nf6 Qe2 34. Rf2
Qe6 35. Nxh5 Bxh5 36. Qd2 Qf5 37. Qxd6 Re8 38. Qc5 Qg4 39. Qg5+ Qxg5 40. fxg5+
Kxg5 41. Kg2 Bg4 42. Rc5+ Bf5 43. b5 Rb8 44. Rb2 Kf6 45. Rc7 h5 46. b6 Ke5 47.
Kf3 Kd6 48. Rd2+ Ke5 49. Rc5+ Ke6 50. Rb5 Rb7 51. Kf4 Kf6 52. Ra2 Bh3 53. Ra7
Rb8 54. b7 Bg2 55. Ra8 (55. Ra6+ Kf7 56. Kg5) 55... Rxb7 (55... Rxa8) 56. Ra6+
1-0

[Event "EST ch U14 2019"]
[Site "Tallinn"]
[Date "2019.04.21"]
[Round "7.6"]
[White "Mikko, Rondo"]
[Black "Nazarov, Vladislav"]
[Result "1-0"]
[WhiteElo "1863"]
[BlackElo "1754"]
[PlyCount "84"]
[EventDate "2019.04.18"]
[EventType "swiss"]
[EventRounds "4"]
[EventCountry "EST"]

1. Nf3 f5 2. d4 Nf6 3. c4 g6 4. Nc3 Bg7 5. g3 O-O 6. Bg2 d6 7. O-O a6 8. b3 h6
9. Bb2 Kh7 10. e3 Qe8 11. d5 Nbd7 12. Nd4 Ne5 13. h3 Rb8 14. f4 Nf7 15. Kh2 Nd8
16. Qd2 e5 17. dxe6 Nxe6 18. Nxe6 Bxe6 19. a4 Rf7 20. Rae1 Re7 21. Rf2 Bd7 22.
Nd1 Bc6 23. Bxf6 Bxf6 24. Rfe2 Bxg2 25. Rxg2 Qc6 26. Qd3 Rbe8 27. g4 fxg4 28.
hxg4 Qe4 29. Qxe4 Rxe4 30. Rf1 b5 31. axb5 axb5 32. Rc2 bxc4 33. bxc4 g5 34.
Kg3 Kg7 35. Kf3 R4e7 36. Rh1 Rh8 37. Rch2 Rf7 38. f5 Re7 39. Nf2 Be5 40. Rh3
Bf6 41. Rh5 Bb2 42. Nd3 Rhe8 1-0

[Event "EST ch U14 2019"]
[Site "Tallinn"]
[Date "2019.04.21"]
[Round "7.7"]
[White "Levchenko, Marina"]
[Black "Tomson, Mihkel"]
[Result "1-0"]
[WhiteElo "1616"]
[BlackElo "1794"]
[PlyCount "61"]
[EventDate "2019.04.18"]
[EventType "swiss"]
[EventRounds "4"]
[EventCountry "EST"]

1. c4 Nf6 2. Nf3 e6 3. Nc3 Bb4 4. a3 Bxc3 5. bxc3 c5 6. d4 Nc6 7. Bg5 Qa5 8.
Bd2 Ne4 9. Qc2 f5 10. e3 O-O 11. Bd3 d5 12. cxd5 exd5 13. Bxe4 dxe4 14. Ng1 Be6
15. c4 Nb4 16. Qb3 Nd3+ 17. Qxd3 exd3 18. Bxa5 cxd4 19. exd4 Bxc4 20. Kd2 Bd5
21. Nf3 Be4 22. Bc7 Rac8 23. Rac1 Rf7 24. Be5 Rc6 25. Rxc6 bxc6 26. Rb1 h6 27.
Ne1 c5 28. dxc5 Re7 29. Bd6 Re6 30. Nxd3 Bxg2 31. Nf4 1-0

[Event "EST ch U14 2019"]
[Site "Tallinn"]
[Date "2019.04.21"]
[Round "7.8"]
[White "Shnurov, Daniil"]
[Black "Olde, Karl Erik"]
[Result "1/2-1/2"]
[WhiteElo "1647"]
[BlackElo "1864"]
[Annotator "Dell"]
[PlyCount "75"]
[EventDate "2019.04.18"]
[EventType "swiss"]
[EventRounds "4"]
[EventCountry "EST"]

1. c4 c5 2. Nf3 Nc6 3. Nc3 Nf6 4. d4 cxd4 5. Nxd4 Qb6 6. e3 a6 7. Be2 g6 8.
Nxc6 bxc6 9. O-O Bg7 10. Qc2 O-O 11. Bd3 Rd8 12. Rd1 Bb7 13. b3 d5 14. cxd5
cxd5 15. Bb2 Rac8 16. Qe2 e5 17. Qe1 Ba8 (17... d4 18. exd4 exd4 19. Na4 Qd6
20. h3 Nd5 21. Rac1 Nf4 22. Bf1 Nxh3+ 23. gxh3 Qd5 24. f3 Qxf3) 18. Na4 Qe6 19.
Rac1 Bf8 (19... d4 20. exd4 Qg4 21. Bf1 Rxc1 22. Rxc1 exd4) 20. Qa5 Qd6 21. Be2
Rc6 $4 22. Rxc6 Bxc6 23. Bxe5 Qe7 24. Bxf6 (24. Bd4 $18) 24... Qxf6 25. Bf3 (
25. Qxa6 $18) 25... Bb5 26. Nc3 d4 27. Nxb5 $2 (27. Nd5 Qd6 28. a4 Be8 29. Rxd4
$18) 27... axb5 28. h3 Be7 (28... b4) 29. exd4 Rxd4 30. Rxd4 (30. Qxb5) 30...
Qxd4 31. Qxb5 Qa1+ 32. Kh2 Bd6+ 33. g3 Qxa2 34. Kg2 Qa7 35. Qe8+ Kg7 36. Qe2
Bc5 37. Qd2 Qb6 38. Qc2 1/2-1/2

[Event "EST ch U14 2019"]
[Site "Tallinn"]
[Date "2019.04.21"]
[Round "7.9"]
[White "Rychagov, Nikita"]
[Black "Kang, Paul"]
[Result "1-0"]
[WhiteElo "1792"]
[BlackElo "1471"]
[PlyCount "67"]
[EventDate "2019.04.18"]
[EventType "swiss"]
[EventRounds "4"]
[EventCountry "EST"]

1. e4 e6 2. d4 d5 3. e5 c5 4. c3 Nc6 5. Nf3 Nge7 6. Na3 a6 7. Be2 Ng6 8. Nc2
Be7 9. O-O O-O 10. Be3 Qb6 11. Rb1 Bd7 12. b4 cxb4 13. cxb4 Rac8 14. a3 Rc7 15.
Nd2 Rfc8 16. Bd3 Nd8 17. Nb3 Qa7 18. Nc5 b6 19. Nxd7 Rxd7 20. Qe2 Rdc7 21. Rb2
Nb7 22. f4 Nh4 23. g4 a5 24. f5 exf5 25. gxf5 axb4 26. axb4 Qa4 27. f6 Bf8 28.
Bg5 Ng6 29. Bb5 Qa7 30. Ne3 Rd8 31. fxg7 Be7 32. Bf6 Qb8 33. Nf5 Qc8 34. Nh6#
1-0

[Event "EST ch U14 2019"]
[Site "Tallinn"]
[Date "2019.04.21"]
[Round "7.10"]
[White "Luik, Ott-Robert"]
[Black "Krivenko, Dion"]
[Result "0-1"]
[WhiteElo "1521"]
[BlackElo "1779"]
[Annotator "Dell"]
[PlyCount "74"]
[EventDate "2019.04.18"]
[EventType "swiss"]
[EventRounds "4"]
[EventCountry "EST"]

1. d4 Nf6 2. c4 g6 3. Nc3 Bg7 4. e4 O-O 5. Nf3 d6 6. Be2 e5 7. d5 a5 8. O-O Na6
9. h3 Nc5 10. Qc2 Nh5 11. Be3 Nf4 12. Bxc5 dxc5 13. Rad1 f5 14. Bd3 Bd7 15.
Rfe1 Nxd3 16. Qxd3 f4 17. Qc2 g5 18. Na4 b6 19. Nc3 h5 20. Nh2 g4 21. hxg4 hxg4
22. Nb5 Bxb5 (22... Kf7 23. d6 c6 24. Nc7 Rh8 $19) 23. cxb5 Qh4 24. Qd3 (24. d6
$1 Rf6 (24... g3 25. fxg3 fxg3 26. Nf3) 25. dxc7 Rh6 26. Rd8+ Kh7 27. Kf1 Rxd8
28. cxd8=Q Qxd8 29. Nxg4 Rh1+ 30. Ke2 Rxe1+ 31. Kxe1 Qh4 32. Qe2 Qh1+ 33. Qf1
Qh4 34. Qe2 Qh1+ $11) 24... Rf6 25. f3 g3 26. Ng4 Rd6 (26... Rg6 27. Rd2 Kf7
28. a3 Rh8 (28... a4 $1) 29. Kf1 Qh1+ 30. Ke2 Qxg2+ 31. Kd1 Qh3 $17) 27. Qc3
Qh5 (27... Kf7 28. Nxe5+ $2 (28. Rd2 Rh8 29. Kf1 Qh1+ 30. Ke2 Qxg2+ 31. Kd1 Qh3
$19) 28... Kg8 $19 {[%csl Ye5][%cal Rg7c3,Ra8e8]}) 28. Rd2 Re8 29. a3 a4 $1 (
29... Kf7 30. b4 Rh8 31. Kf1 Qh1+ 32. Ke2 Qxg2+ 33. Kd1 axb4 34. axb4 Qh3 35.
bxc5 bxc5 36. Qxc5 Rc8 $13) 30. Qc4 Kf7 31. Qc3 Rg6 (31... Rh8) 32. Qc4 Rd6 (
32... Rh8 33. d6+ Kf8 34. Kf1 Qh1+ 35. Ke2 Qxg2+ 36. Kd1 Qxf3+ 37. Kc2 Rxd6 $19
38. Rxd6 cxd6 39. Qe6 Qb3+ $1 $19) 33. Qc3 Rg6 34. Qc4 Ke7 35. Qxa4 Rh8 36. d6+
(36. Kf1 Qh1+ 37. Ke2 Qxg2+ 38. Kd1 Qxf3+ 39. Kc2 Qxg4) 36... Rxd6 37. Rxd6
Qh1# 0-1

[Event "EST ch U14 2019"]
[Site "Tallinn"]
[Date "2019.04.21"]
[Round "7.11"]
[White "Kull, Tormi"]
[Black "Snitsarenko, Ilja"]
[Result "1-0"]
[WhiteElo "1623"]
[BlackElo "1290"]
[Annotator "Dell"]
[PlyCount "81"]
[EventDate "2019.04.18"]
[EventType "swiss"]
[EventRounds "4"]
[EventCountry "EST"]

1. d4 Nf6 2. c4 g6 3. Nc3 Bg7 4. e4 d6 5. f3 O-O 6. Be3 Nbd7 7. Qd2 c5 8. d5
Ne5 9. g4 e6 10. h4 exd5 11. cxd5 Bd7 12. Bh6 Ne8 13. h5 Qf6 14. Be2 b5 $4 (
14... Bxh6 15. Qxh6 g5 16. Qxf6 Nxf6 $11) 15. Bg5 Bh6 16. Bxh6 Ng7 17. Bg5 Qxg5
18. Qxg5 b4 19. Nb5 Rab8 20. Nxd6 f6 21. Qh4 g5 22. Qh2 h6 23. Nf5 Nxf5 24.
gxf5 Kh7 25. f4 Nf7 26. Nh3 Rg8 27. Rg1 Rbe8 28. Qh1 a5 29. b3 Rg7 30. fxg5
fxg5 31. Nf2 Re5 32. Ng4 Re8 33. Nf6+ Kh8 34. Nxd7 Re7 35. Nxc5 Ne5 36. Ne6 Rg8
37. Qh2 Nd7 38. Bb5 Nf6 39. Qe5 Rf7 40. Rc1 Kh7 41. Rc7 1-0

[Event "EST ch U14 2019"]
[Site "Tallinn"]
[Date "2019.04.21"]
[Round "7.12"]
[White "Köösel, Hans-Georg"]
[Black "Dukov, Vladimir"]
[Result "0-1"]
[WhiteElo "1515"]
[BlackElo "1576"]
[Annotator "Dell"]
[PlyCount "66"]
[EventDate "2019.04.18"]
[EventType "swiss"]
[EventRounds "4"]
[EventCountry "EST"]

1. e4 e6 2. d4 d5 3. exd5 exd5 4. Be2 Nf6 5. Nc3 c5 6. Nf3 Nc6 7. O-O Be7 8.
Re1 O-O 9. a3 Bg4 10. dxc5 Bxc5 11. Rb1 Qb6 12. Rf1 Ne4 13. Nxe4 (13. Nxd5
Bxf2+ 14. Kh1 Qd8 $11) 13... dxe4 14. Nd2 Bxf2+ $1 15. Kh1 (15. Rxf2 e3 $19)
15... Bxe2 16. Qxe2 e3 17. Nc4 Qa6 18. b3 Nd4 19. Qd1 (19. Qd3 e2 $19) 19... e2
20. Qd3 exf1=Q+ 21. Qxf1 Bh4 22. Bb2 Bf6 23. Qf2 Rad8 24. Qg3 Nf5 25. Qg4 Bxb2
26. Nxb2 Ne3 27. Qg5 Rd1+ $1 28. Rxd1 Nxd1 29. h4 Nxb2 30. g4 Qf1+ 31. Kh2 Qf2+
32. Kh3 Re8 33. Qb5 Re3# 0-1

[Event "EST ch U14 2019"]
[Site "Tallinn"]
[Date "2019.04.21"]
[Round "7.13"]
[White "Padari, Tuudur Jakob"]
[Black "Sizov, Lev"]
[Result "1-0"]
[WhiteElo "1560"]
[BlackElo "1687"]
[Annotator "Dell"]
[PlyCount "101"]
[EventDate "2019.04.18"]
[EventType "swiss"]
[EventRounds "4"]
[EventCountry "EST"]

1. e4 c5 2. Nf3 d6 3. d4 cxd4 4. Nxd4 g6 5. Nc3 Bg7 6. Be3 Nc6 7. f3 Qb6 8. Nd5
Qd8 9. Qd2 e6 10. Nc3 Nf6 11. O-O-O d5 12. exd5 Nxd5 13. Nxd5 Qxd5 14. Nxc6
bxc6 15. Qxd5 cxd5 16. Bc5 Rb8 17. c3 Bd7 18. Kc2 Ba4+ 19. b3 Bd7 20. a4 a5 21.
f4 Bc6 22. Be2 Bh6 23. Rhf1 Bg7 24. g3 f5 25. Rfe1 Kf7 26. Bd4 Bxd4 27. Rxd4
Rb7 28. Bd1 Rc8 29. Re3 Bd7 30. Kb2 Rcb8 31. Ka3 Ra8 32. b4 Rc7 33. b5 Rb8 34.
Be2 Rbc8 35. Kb3 Rc5 36. c4 R8c7 37. Rc3 Ke7 38. Rd1 h6 39. Rdc1 g5 40. cxd5
Rxc3+ 41. Rxc3 Rxc3+ 42. Kxc3 exd5 43. Kd4 Kd6 44. Bd1 Bc8 45. Bf3 Bb7 46. Bd1
(46. fxg5 hxg5 47. h4 f4 48. h5 g4 49. Bh1 Ke6 50. gxf4 Kf5 51. b6 g3 52. Bg2
Kf6 53. Kc5 Kf5 54. Kb5 d4 55. Bxb7 d3 56. Bf3 Kxf4 57. b7 Kxf3 58. b8=Q g2 59.
Qa7 $18) 46... gxf4 47. gxf4 Bc8 48. Bc2 Bd7 (48... Be6 49. h4 Bc8 50. Bb3 Be6
51. b6 Bd7 52. b7 Kc7 53. Kxd5 Kxb7 54. Kd6 Be8 55. Ke6) 49. Bb3 Be6 50. b6 Kc6
51. b7 1-0

[Event "EST ch U14 2019"]
[Site "Tallinn"]
[Date "2019.04.21"]
[Round "7.14"]
[White "Naestema, Joonas Aditya"]
[Black "Rychagov, Anton"]
[Result "1-0"]
[WhiteElo "1684"]
[BlackElo "1470"]
[Annotator "Dell"]
[PlyCount "81"]
[EventDate "2019.04.18"]
[EventType "swiss"]
[EventRounds "4"]
[EventCountry "EST"]

1. d4 d5 2. Nf3 Nf6 3. Bf4 c5 4. e3 Nc6 5. Be2 e6 6. O-O Be7 7. c4 O-O 8. Nc3
h6 9. h3 b6 10. dxc5 Bxc5 11. cxd5 exd5 12. Ne5 Bb7 13. Nxc6 Bxc6 14. Be5 Be7
15. Bf3 Ne4 16. Qc2 Nxc3 17. Bxc3 (17. Qxc3 Bf6 18. Bxf6 Qxf6 19. Qxf6 gxf6 20.
Rac1 $16) (17. Bxg7 $5 Kxg7 18. Qxc3+ Bf6 19. Qxc6 Rc8 20. Qb5 $16) 17... Bf6
18. Rfd1 Bxc3 19. Qxc3 Rc8 20. Qd3 Qg5 21. Bxd5 Rfd8 22. e4 Rd7 (22... Bxd5 23.
exd5 Rd6 24. Rd2 Rcd8 25. Rad1 Rxd5 26. Qxd5 Rxd5 27. Rxd5 Qf6 $14) 23. Qb3
Bxd5 24. Rxd5 Rc1+ 25. Rxc1 Qxc1+ 26. Kh2 Rxd5 27. exd5 Kf8 (27... Qf4+ 28. Qg3
Qd4 $1 $14) 28. Qa3+ $1 Ke8 29. Qe3+ Qxe3 30. fxe3 Ke7 31. e4 Kd6 32. g4 Ke5
33. Kg3 g6 34. b3 g5 35. Kf3 f6 36. Ke3 a6 37. a3 Kd6 38. Kd4 a5 39. a4 Kd7 40.
e5 fxe5+ 41. Kxe5 1-0

[Event "EST ch U14 2019"]
[Site "Tallinn"]
[Date "2019.04.21"]
[Round "7.15"]
[White "Provodin, Aleksandr"]
[Black "Raide, Sivert"]
[Result "0-1"]
[WhiteElo "1360"]
[BlackElo "1584"]
[PlyCount "72"]
[EventDate "2019.04.18"]
[EventType "swiss"]
[EventRounds "4"]
[EventCountry "EST"]

1. e4 e6 2. Nf3 d5 3. exd5 exd5 4. d4 Bd6 5. Bd3 Nf6 6. O-O O-O 7. Bg5 h6 8.
Bh4 Be6 9. Ne5 Nc6 10. Nxc6 bxc6 11. f3 c5 12. Bf2 cxd4 13. Bxd4 c5 14. Bf2 Rb8
15. b3 Be5 16. c3 d4 17. Re1 Bd6 18. Kh1 Bc7 19. cxd4 cxd4 20. Bc4 Bxc4 21.
bxc4 Bb6 22. Na3 d3 23. Bxb6 Rxb6 24. Qd2 Qd4 25. Nb5 Qxc4 26. Na3 Qd4 27. Nc2
Qd7 28. Nb4 Rd8 29. Red1 Rd6 30. Rac1 a5 31. Nc6 Rxc6 32. Qxa5 Rxc1 33. Rxc1
Rc8 34. Rd1 d2 35. Qxd2 Qxd2 36. Rxd2 Rc1+ 0-1

[Event "EST ch U14 2019"]
[Site "Tallinn"]
[Date "2019.04.21"]
[Round "7.16"]
[White "Pallum, Rasmus"]
[Black "Rajandu, Aaron"]
[Result "1/2-1/2"]
[WhiteElo "1394"]
[BlackElo "1274"]
[PlyCount "72"]
[EventDate "2019.04.18"]
[EventType "swiss"]
[EventRounds "4"]
[EventCountry "EST"]

1. e4 e5 2. Nf3 Nc6 3. Bc4 Bc5 4. O-O Nf6 5. Nc3 d6 6. d3 h6 7. Na4 O-O 8. Nxc5
dxc5 9. Be3 Nd4 10. c3 Nxf3+ 11. Qxf3 b6 12. h3 a6 13. Rad1 c6 14. d4 Qe7 15.
dxc5 bxc5 16. Rd2 Be6 17. Bxe6 Qxe6 18. Bxc5 Rfd8 19. Rxd8+ Rxd8 20. a3 Rb8 21.
Qe2 Qa2 22. Qxa6 Qxb2 23. Qxc6 Qxc3 24. Qc7 Ra8 25. Qb7 Re8 26. Bb4 Qc4 27. f3
Rd8 28. Qe7 Rd7 29. Qxe5 Qe2 30. Qc3 Rd1 31. Re1 Rxe1+ 32. Qxe1 Qc4 33. Bd6
Qd4+ 34. Qf2 Qxd6 35. Qb2 Qc5+ 36. Kh1 Qe3 1/2-1/2

[Event "EST ch G14 2019"]
[Site "?"]
[Date "2019.04.20"]
[Round "6.5"]
[White "Vahtras, Elisabeth"]
[Black "Danilina, Diana"]
[Result "0-1"]
[WhiteElo "1000"]
[BlackElo "1423"]
[PlyCount "70"]
[EventDate "2019.04.18"]
[EventType "swiss"]
[EventRounds "10"]

1. e4 e5 2. Nf3 Nc6 3. Bb5 d6 4. d4 Bd7 5. Bg5 Be7 6. Qd2 Nxd4 7. Be2 Nxf3+ 8.
Bxf3 Bxg5 9. Qd5 Bc6 10. Qb3 Nf6 11. O-O O-O 12. Nc3 Nd7 13. Rad1 Kh8 14. Rfe1
f5 15. a4 Qf6 16. Rf1 a5 17. g3 fxe4 18. Nxe4 Bxe4 19. Bxe4 Nc5 20. Qd5 Nxe4
21. Qxe4 Qf3 22. Qxf3 Rxf3 23. Kg2 e4 24. Rd5 Bf6 25. h4 Bxb2 26. h5 b6 27. Rh1
Raf8 28. h6 Rxf2+ 29. Kh3 e3 30. Kg4 e2 31. hxg7+ Bxg7 32. Re1 Bc3 33. Rc1 Rf1
34. Rdd1 Rxd1 35. Rxd1 exd1=Q+ 0-1

[Event "EST ch G14 2019"]
[Site "?"]
[Date "2019.04.21"]
[Round "7.2"]
[White "Smirnova, Jekaterina"]
[Black "Anis, Dinara"]
[Result "1/2-1/2"]
[WhiteElo "1603"]
[BlackElo "1438"]
[PlyCount "44"]
[EventDate "2019.04.18"]
[EventType "swiss"]
[EventRounds "10"]

1. c4 Nf6 2. Nc3 e5 3. d3 d5 4. cxd5 Nxd5 5. e4 Nf6 6. Nf3 Bb4 7. a3 Ba5 8. Be2
Nc6 9. O-O O-O 10. h3 Be6 11. Be3 Re8 12. Kh1 h6 13. Qc2 Qd7 14. Na4 Nd4 15.
Nxd4 exd4 16. Bf4 Qb5 17. b4 Bd7 18. bxa5 Qxa4 19. Qxa4 Bxa4 20. Bxc7 Nd7 21.
Rfc1 Nf6 22. Rab1 Bc6 1/2-1/2

[Event "EST ch G14 2019"]
[Site "?"]
[Date "2019.04.19"]
[Round "3.4"]
[White "Kuzmina, Oleksandra"]
[Black "Tammepõld, Laureta"]
[Result "1-0"]
[WhiteElo "1157"]
[BlackElo "1415"]
[PlyCount "107"]
[EventDate "2019.04.18"]
[EventType "swiss"]
[EventRounds "10"]

1. d4 d5 2. c4 e6 3. Nc3 Nf6 4. Bg5 Be7 5. e3 h6 6. Bf4 a6 7. cxd5 exd5 8. Nf3
Nbd7 9. Bd3 c6 10. Be5 O-O 11. O-O Nb6 12. a4 Be6 13. b3 Bd6 14. a5 Nc8 15. h3
Re8 16. Qc2 Rb8 17. e4 Bxe5 18. dxe5 dxe4 19. Nxe4 Nd5 20. Nc5 Nb4 21. Qc3 Nxd3
22. Nxd3 Ne7 23. Rfd1 Nd5 24. Qc2 Re7 25. Nc5 Qc7 26. Nxe6 Rxe6 27. Rxd5 Rd8
28. Rxd8+ Qxd8 29. Qc5 Qc7 30. Qb6 Qb8 31. Rd1 Re8 32. Rd7 f6 33. exf6 gxf6 34.
Qxb7 Qxb7 35. Rxb7 Re4 36. Rb6 c5 37. Rxa6 Rb4 38. Rxf6 Rxb3 39. a6 c4 40. a7
Ra3 41. Rc6 c3 42. a8=Q+ Rxa8 43. Rxc3 Kg7 44. Kh2 Kf6 45. Rc6+ Kg7 46. g4 Rf8
47. Kg3 Rf7 48. Ne5 Re7 49. Rg6+ Kh7 50. f4 Re8 51. Rb6 Re7 52. h4 Rg7 53. g5
h5 54. g6+ 1-0

[Event "EST ch G14 2019"]
[Site "?"]
[Date "2019.04.19"]
[Round "2.2"]
[White "Rudnik, Viktoria"]
[Black "Pool, Linda Maria"]
[Result "1-0"]
[WhiteElo "1625"]
[BlackElo "1488"]
[PlyCount "37"]
[EventDate "2019.04.18"]
[EventType "swiss"]
[EventRounds "10"]

1. d4 Nf6 2. Bf4 g6 3. e3 Bg7 4. c4 O-O 5. Nc3 d6 6. Nf3 Nbd7 7. Be2 a5 8. h3
Nh5 9. Bh2 f5 10. Ng5 Nb8 11. Bxh5 gxh5 12. Qxh5 h6 13. Nf3 b6 14. Bf4 Qe8 15.
Qxe8 Rxe8 16. Nb5 Rf8 17. Nxc7 Ra7 18. Nd5 e6 19. Nxb6 1-0

[Event "EST ch G14 2019"]
[Site "?"]
[Date "2019.04.19"]
[Round "2.4"]
[White "Anis, Dinara"]
[Black "Aksjonova, Alisa"]
[Result "0-1"]
[WhiteElo "1438"]
[BlackElo "1353"]
[PlyCount "140"]
[EventDate "2019.04.18"]
[EventType "swiss"]
[EventRounds "10"]

1. c4 c5 2. Nf3 Nc6 3. Nc3 e5 4. e4 Nf6 5. d3 g6 6. g3 Bg7 7. Bg2 d6 8. O-O O-O
9. Be3 Be6 10. Qd2 Nd4 11. Rfe1 Qd7 12. Bh6 Bh3 13. Bxg7 Kxg7 14. Bh1 Bg4 15.
Nxd4 cxd4 16. Ne2 Bxe2 17. Qxe2 Rac8 18. b3 b5 19. Rf1 bxc4 20. dxc4 Qg4 21. f3
Qe6 22. f4 Rfe8 23. f5 Qd7 24. Qd2 Ng4 25. Qg5 Ne3 26. f6+ Kh8 27. Rf2 Qg4 28.
Qh6 Rg8 29. Bf3 Qe6 30. h3 Qxf6 31. Bg4 Nxg4 32. hxg4 Qg7 33. g5 Qxh6 34. gxh6
Rgf8 35. Raf1 Kg8 36. Rf6 Rc6 37. Kf2 Ra6 38. Ra1 Re8 39. Ke2 Re6 40. Rxe6 fxe6
41. Kd3 Rc6 42. Rf1 Ra6 43. a4 Rb6 44. Kc2 d3+ 45. Kxd3 Rxb3+ 46. Kd2 Rxg3 47.
Rf6 Rg4 48. Rxe6 Rxe4 49. Rxd6 Rxc4 50. Ra6 Rc7 51. Ke3 Kf7 52. Ke4 Re7 53. a5
g5 54. Rd6 Re6 55. Rd7+ Re7 56. Rd6 g4 57. Rd3 Kf6 58. Rd1 a6 59. Rf1+ Kg5 60.
Rf5+ Kg6 61. Rf1 Re6 62. Rh1 Kg5 63. Rg1 Rxh6 64. Kxe5 Rf6 65. Ke4 Rf4+ 66. Ke3
Ra4 67. Rh1 h5 68. Kf2 Rxa5 69. Kg3 Ra3+ 70. Kg2 a5 0-1

[Event "EST ch G14 2019"]
[Site "?"]
[Date "2019.04.19"]
[Round "2.3"]
[White "Vahtras, Elisabeth"]
[Black "Smirnova, Jekaterina"]
[Result "0-1"]
[WhiteElo "1000"]
[BlackElo "1603"]
[PlyCount "46"]
[EventDate "2019.04.18"]
[EventType "swiss"]
[EventRounds "10"]

1. e4 c5 2. d3 Nc6 3. Nc3 Nf6 4. Nf3 d6 5. Bg5 e6 6. Qd2 a6 7. O-O-O Be7 8. g3
h6 9. Bh4 g5 10. Bxg5 hxg5 11. Qxg5 Nxe4 12. dxe4 Bxg5+ 13. Kb1 Bf6 14. Ne2 Qb6
15. b3 Qc7 16. Bg2 b5 17. Nd2 Bb7 18. Bf3 Qa5 19. h4 Nd4 20. Kb2 Nxe2+ 21. e5
Bxe5+ 22. c3 Qxc3+ 23. Kb1 Qb2# 0-1

[Event "EST ch G14 2019"]
[Site "?"]
[Date "2019.04.21"]
[Round "7.1"]
[White "Danilina, Diana"]
[Black "Blokhin, Sofia"]
[Result "0-1"]
[WhiteElo "1905"]
[BlackElo "1423"]
[PlyCount "78"]
[EventDate "2019.04.18"]
[EventType "swiss"]
[EventRounds "10"]

1. e4 c5 2. Nc3 e6 3. d3 Nc6 4. g3 g6 5. Bg2 Bg7 6. Nge2 Nge7 7. O-O O-O 8. Be3
b6 9. d4 cxd4 10. Nxd4 Ne5 11. Qe2 N5c6 12. Rad1 a6 13. a4 Qc7 14. Rd3 Ne5 15.
Bf4 d6 16. Rdd1 Nc4 17. e5 d5 18. b3 Nb2 19. Rb1 Qxc3 20. Qe3 Qxe3 21. Bxe3
Bxe5 22. Rxb2 Nf5 23. Rd1 Nxe3 24. fxe3 Bb7 25. Rbb1 Rac8 26. Rbc1 Rc3 27. Kf2
Rfc8 28. Rd2 Bxd4 29. exd4 Rxb3 30. c4 Rb4 31. Rdc2 Rxa4 32. h4 h5 33. Ke3 Ra3+
34. Kf4 Kg7 35. g4 hxg4 36. Kxg4 Rd3 37. Kf4 Rxd4+ 38. Kg3 a5 39. Bf1 dxc4 0-1

[Event "EST ch G14 2019"]
[Site "?"]
[Date "2019.04.19"]
[Round "4.1"]
[White "Smirnova, Jekaterina"]
[Black "Blokhin, Sofia"]
[Result "1/2-1/2"]
[WhiteElo "1603"]
[BlackElo "1905"]
[PlyCount "30"]
[EventDate "2019.04.18"]
[EventType "swiss"]
[EventRounds "10"]

1. c4 c5 2. Nc3 Nf6 3. Nf3 d5 4. cxd5 Nxd5 5. e4 Nc7 6. d3 Nc6 7. Bf4 e6 8. Be2
Be7 9. O-O O-O 10. a3 b6 11. h3 Bb7 12. Rc1 Rc8 13. Qd2 Na5 14. Qd1 Nc6 15. Re1
Re8 1/2-1/2

[Event "EST ch G14 2019"]
[Site "?"]
[Date "2019.04.19"]
[Round "4.2"]
[White "Rudnik, Viktoria"]
[Black "Kuzmina, Oleksandra"]
[Result "1-0"]
[WhiteElo "1625"]
[BlackElo "1157"]
[PlyCount "103"]
[EventDate "2019.04.18"]
[EventType "swiss"]
[EventRounds "10"]

1. d4 d5 2. Bf4 Nc6 3. e3 Bf5 4. c4 e6 5. Nc3 Bb4 6. Nf3 Bxc3+ 7. bxc3 dxc4 8.
Bxc4 Nf6 9. Bb5 Ne4 10. Rc1 a6 11. Bxc6+ bxc6 12. Ne5 c5 13. O-O f6 14. Nd3 c4
15. Nb2 Rb8 16. Nxc4 Qd5 17. Qa4+ Qb5 18. Qxb5+ axb5 19. Na3 Rb7 20. f3 Nd6 21.
e4 Bg6 22. Rb1 Ra7 23. Nxb5 Nxb5 24. Rxb5 c5 25. Rb8+ Ke7 26. Rxh8 cxd4 27.
cxd4 Rxa2 28. Rc1 Ra7 29. Rc7+ Rxc7 30. Bxc7 Kd7 31. Bf4 h6 32. Rg8 Ke7 33.
Rxg7+ Bf7 34. Bxh6 f5 35. exf5 exf5 36. Rg5 Be6 37. d5 Bxd5 38. Rxf5 Be6 39.
Re5 Kf6 40. Rg5 Bf5 41. g4 Bg6 42. h4 Kf7 43. f4 Be4 44. f5 Kf6 45. Bf8 Kf7 46.
h5 Kxf8 47. h6 Kf7 48. h7 Kf6 49. Rg6+ Kf7 50. h8=Q Ke7 51. Qh7+ Ke8 52. Rg8#
1-0

[Event "EST ch G14 2019"]
[Site "?"]
[Date "2019.04.20"]
[Round "6.4"]
[White "Poluektova, Arina"]
[Black "Tammepõld, Laureta"]
[Result "1-0"]
[WhiteElo "1560"]
[BlackElo "1415"]
[PlyCount "75"]
[EventDate "2019.04.18"]
[EventType "swiss"]
[EventRounds "10"]

1. e4 e5 2. Nf3 Nc6 3. c3 Nf6 4. d4 d6 5. d5 Nb8 6. Bd3 Nbd7 7. Be3 Nc5 8. Bxc5
dxc5 9. Nxe5 Bd6 10. Nf3 Qe7 11. Qe2 Nd7 12. c4 Ne5 13. Nxe5 Bxe5 14. Qc2 Bd4
15. O-O O-O 16. Nc3 Qg5 17. Ne2 Bg4 18. Nxd4 Bh3 19. f4 Qxg2+ 20. Qxg2 Bxg2 21.
Kxg2 cxd4 22. Bc2 c5 23. a3 Rab8 24. b4 b6 25. bxc5 bxc5 26. Rab1 a6 27. Rxb8
Rxb8 28. Rb1 Rxb1 29. Bxb1 Kf8 30. e5 Ke7 31. d6+ Kd7 32. Kf3 f6 33. Bf5+ Kd8
34. e6 g6 35. Be4 g5 36. Bc6 g4+ 37. Kxg4 d3 38. e7+ 1-0

[Event "EST ch G14 2019"]
[Site "?"]
[Date "2019.04.21"]
[Round "7.3"]
[White "Rudnik, Viktoria"]
[Black "Poluektova, Arina"]
[Result "1-0"]
[WhiteElo "1625"]
[BlackElo "1560"]
[PlyCount "119"]
[EventDate "2019.04.18"]
[EventType "swiss"]
[EventRounds "10"]

1. d4 d5 2. Bf4 c6 3. e3 Bf5 4. c4 e6 5. Nc3 Bd6 6. Bg3 Nf6 7. Qb3 b6 8. Nf3
Na6 9. Nh4 Be4 10. Bxd6 Qxd6 11. f3 Bg6 12. Nxg6 hxg6 13. c5 bxc5 14. Bxa6 c4
15. Qa4 Rb8 16. O-O-O Rb6 17. g3 Nd7 18. Bc8 Nf6 19. e4 Qb4 20. Qxb4 Rxb4 21.
exd5 Nxd5 22. Ne4 Ke7 23. Ba6 Rhb8 24. a3 Rxb2 25. Bxc4 Rb1+ 26. Kd2 R8b2+ 27.
Kd3 Rxd1+ 28. Rxd1 Rxh2 29. Bxd5 cxd5 30. Nd2 Rh3 31. g4 Rh8 32. Rb1 Kf6 33.
Rb7 Ra8 34. a4 g5 35. a5 a6 36. Rb6 Ra7 37. Nb3 Ke7 38. Nc5 Kd8 39. Rxa6 Rxa6
40. Nxa6 Kd7 41. Nc5+ Kc6 42. a6 Kb6 43. Kc3 Ka7 44. Kb4 Kb6 45. Ka4 g6 46. Kb4
f5 47. Nxe6 Kxa6 48. Kc5 Kb7 49. Kxd5 Kc8 50. Nxg5 fxg4 51. fxg4 Kd7 52. Nf3
Ke7 53. Ke5 Kf7 54. d5 Ke7 55. d6+ Kd7 56. Nh4 g5 57. Nf3 Ke8 58. Ke6 Kd8 59.
d7 Kc7 60. Ke7 1-0

[Event "EST ch G14 2019"]
[Site "?"]
[Date "2019.04.19"]
[Round "3.3"]
[White "Pool, Linda Maria"]
[Black "Vahtras, Elisabeth"]
[Result "1-0"]
[WhiteElo "1488"]
[BlackElo "1000"]
[PlyCount "45"]
[EventDate "2019.04.18"]
[EventType "swiss"]
[EventRounds "10"]

1. e4 e5 2. Nf3 Nc6 3. d4 d6 4. dxe5 Be6 5. Bb5 Nge7 6. O-O g6 7. Bg5 Qd7 8.
Bf6 Rg8 9. Nc3 O-O-O 10. Qe2 d5 11. Rad1 Bh6 12. exd5 Bxd5 13. Bxe7 Qxe7 14.
Nxd5 Qc5 15. Bxc6 Qxc6 16. Ne7+ Kb8 17. Nxc6+ bxc6 18. Rxd8+ Rxd8 19. Rd1 Re8
20. Qc4 f5 21. exf6 Kc8 22. Qxc6 Rf8 23. Qa8# 1-0